Analýza zdrojov a príčin fluktuácie a návrh efektívnych spôsobov jej regulácie v KINEX-KLF, a.s. Kysucké Nové Mesto : Diplomová práca

Gespeichert in:
Bibliographische Detailangaben
1. Verfasser: Hrčková, Ivana (Verfasst von)
Weitere Verfasser: Končal, Viliam, 1943- (xxx)
Format: Manuskript Buch
Sprache:Slowakisch
Veröffentlicht: Trnava : STU v Bratislave MtF KPIM, 2006
Schlagworte:
Tags: Tag hinzufügen
Keine Tags, Fügen Sie das erste Tag hinzu!

MARC

LEADER 00000ntm a22000003a 4500
001 stu121974
005 20160719155437.0
008 060627s2006----xo------------------slo-d
040 |a STU  |b slo 
041 0 |a slo 
044 |a xo 
100 1 |a Hrčková, Ivana  |4 aut 
245 1 |a Analýza zdrojov a príčin fluktuácie a návrh efektívnych spôsobov jej regulácie v KINEX-KLF, a.s. Kysucké Nové Mesto :  |b Diplomová práca 
260 |a Trnava :  |b STU v Bratislave MtF KPIM,  |c 2006 
300 |a 91 s  |c príl (1 CD) 
650 7 |a priemyselné inžinierstvo a manažment  |2 stusub 
650 7 |a personalistika  |2 stusub 
650 7 |a fluktuácia  |2 stusub 
700 1 |a Končal, Viliam,  |d 1943-  |4 xxx  |u M310  |U MTF Ústav inžinierskej pedagogiky a humatitných vied  |T MTF Katedra humanitných vied  |X 1491  |U M310  |Y M310  |7 A000001491 
996 |b 284M073603  |c M*DP-6133  |l MMSKP  |s P  |a 0  |w stu121974_0001